| 000 | 01020nam a2200325Ia 4500 | ||
|---|---|---|---|
| 003 | OSt | ||
| 005 | 20220912145321.0 | ||
| 006 | a|||||r|||| 00| 0 | ||
| 007 | ta | ||
| 008 | 220909b |||||||| |||| 00| 0 eng d | ||
| 020 | _a9814126179 (pbk) | ||
| 024 | _a78777 | ||
| 037 | _b2145, 01/11/2007, Unilib Book Distributors | ||
| 037 | _cTextual | ||
| 040 |
_aCSL _beng _cCSL |
||
| 041 | _aeng | ||
| 082 | _aB281, K512;L3;11-;13 TB28 | ||
| 100 | _aRao C Radhakrishna | ||
| 245 | 0 | _aLinear statistical inference and its applications | |
| 250 | _a2 | ||
| 260 |
_aNew York _bJohn wiley & Sons, inc _c1973 |
||
| 300 |
_axx, 625p. _ccm. |
||
| 490 | _aWiley series in probability and statistics | ||
| 500 | _aIndex 615-625p. | ||
| 650 | _a Linear statistical inference | ||
| 650 | _a Mathematical statistics | ||
| 650 | _aStatistics | ||
| 942 |
_hB281, K512;L3;11-;13 TB28 _cTEXL _2CC |
||
| 999 |
_c28826 _d28826 |
||